• 首页
  • 本馆介绍
  • 公告通知
  • 最新文献
  • 馆藏检索
  • 电子资源
  • 读者导购
  • 参考咨询
  • 我的图书馆
  • 登录
  • 详细信息显示
  • 放入我的书架
  • 预约/预借图书
  • 作者相关作品
  • 分类相关作品
  • 丛书相关作品
  • 出版社相关作品

书目信息

  • 表格格式
  • 工作单格式
  • 卡片格式
题名:
山东省"二五"全民学习法律法规宣编
    
 
作者: 山东省普法工作小组办工室
分册:  
出版信息: 济南   山东人民出版社  1991.6
页数: 281页
开本: 19cm
丛书名:
单 册:
中图分类: D9
科图分类:
主题词: 法律
电子资源:
ISBN:
000 00621nam0 2200193 45
001 0308271046
005 20030827104524.8
010    @dRMB3.00
100    @a20030827d1991 km y0chiy0120 ea
101    @achi
105    @a z 000yy
200 1  @a山东省"二五"全民学习法律法规宣编@Ashan dong sheng"er wu"quan min xue xi fa lu fa gui xuan bian@f山东省普法工作小组办工室@Fshan dong sheng pu fa gong zuo xiao zu ban gong shi
210    @a济南@c山东人民出版社@d1991.6
215    @a281页@c无图表@d19cm
606 0  @a法律
690    @aD9@v3
701  0 @a山东省普法工作小组办工室
801    @aCN@b@c20030827
905    @aBZT@dD9@e29
    
    山东省"二五"全民学习法律法规宣编/山东省普法工作小组办工室.-济南:山东人民出版社,1991.6
    281页:无图表;19cm
    
    
    ISBN :RMB3.00
    
●
相关链接 在五车中查询图书 在当当中查询图书 在豆瓣中查询图书


正题名:山东省"二五"全民学习法律法规宣编     索取号:D9/29         预约/预借

序号 登录号 条形码 馆藏地/架位号 状态 备注
1 11840   200058908   中心书库南/012架A面2层6列/ [索取号:D9/29] 在馆    
2 11841   200058917   中心书库南/012架A面2层6列/ [索取号:D9/29] 在馆    
3 11842   200058926   中心书库南/012架A面2层6列/ [索取号:D9/29] 在馆    
4 11843   200058935   中心书库南/012架A面2层6列/ [索取号:D9/29] 在馆    
5 11844   200058891   中心书库南/012架A面2层6列/ [索取号:D9/29] 在馆    
6 11845   200058882   中心书库南/012架A面2层6列/ [索取号:D9/29] 在馆    
山东省滨州职业学院图书馆 欢迎您!
大连网信软件有限公司© 版权所有